01016 2200313 4500001002100000005001500021035002000036007000300056008004100059336002100100337002300121338003800144040002200182245006000204300003100264020002200295082001500317084001700332264003600349500006900385650004400454850001200498856007500510852002000585100002100605504003200626990002200658990002200680INLIS00000000086642720211109085831 a0010-1121000508ta210705s2016 yoia gs ind d 2rdacontentateks 2rdamediaakomputer 2rdacarrierasumber sambung jaring aYOPDYOGbinderda10aRadioaktivitas pada perairan pesisir Cilacap /cWahikun a1 berkas komputer (3,3 MB) a978-602-401-315-804223a539.75 a539.75 WAH r31aYogyakarta :bDeepublish,c2016 aUntuk mengakses buku ini silakan unduh aplikasi http://ijogja.id 4aRadioaktivitas--xPenelitian--zCilacap aYOPDYOG nPerpustakaan Digital iJogjauhttp://iJogja.id/publications/books/18921 aaplikasi iJogja0 aWahikunepenulis aBibliografi : halaman 73-77 a000495-EPD/B.2017 a000496-EPD/B.2017